BIBLIOTHÈQUE DE LA MAISON DU MEXIQUE

Logo 1 Logo 2

Política ejidal (notice nᵒ 10922)

détails MARC
000 -Sello discográfico
campo de control de longitud fija 01022nam a2200313 4500
005 - Identificación de versión
campo de control 20251016082142.0
035 ## - Otros números de control del sistema
Número de control del sistema 9358
099 ## - fechas locales
Tipo de ítem Koha LIBRO
100 ## - Datos de procesamiento general
Datos de procesamiento general 20000703d1960 m y1spay5003 ba
105 ## - Campo de datos codificados: Material textual, monográfico
Datos codificados de monografía y 001zy
200 1# - Título y mención de responsabilidad
Título propio Política ejidal
Designación general del material texto impreso
Primer mención de responsabilidad Manuel Moreno Sánchez, Alfonso Caso, Luis Yáñez Pérez, ... [et al.]
205 ## - Declaración de edición
Declaración de edición 1a ed
210 ## - Publicación, distribución, etc.
Lugar de publicación, distribución, etc. México
Nombre del editor, distribuidor, etc. Universidad Nacional Autónoma de México, Escuela Nacional de Ciencias Políticas y Sociales
Fecha de publicación, distribución, etc. 1960
215 ## - Descripción física
Designación de material específico y extensión del ítem 186 p
Dimensiones 22 cm
345 ## - Nota de información de adquisición
Fuente de adquisición/dirección de la suscripción [OBSOLETO] Donación
606 ## - Término temático usado como materia
Elemento de entrada Ejidos
Subdivisión geográfica México
Número Koha 16452
606 ## - Término temático usado como materia
Elemento de entrada Tierra
Subdivisión temática Tenencia, Derecho de
Subdivisión geográfica México
Número Koha 1083
660 ## - Código de área geográfica
Código MX
700 ## - Nombre personal - Responsabilidad primaria
Elemento de entrada Moreno Sánchez
Parte del nombre distinta del elemento de entrada Manuel
Fechas 1908-1993
Número Koha 17502
701 ## - Nombre personal - Responsabilidad alternativa
Elemento de entrada Caso y Andrade
Parte del nombre distinta del elemento de entrada Alfonso
Fechas 1896-1970
Número Koha 841
701 ## - Nombre personal - Responsabilidad alternativa
Elemento de entrada Yáñez Pérez
Parte del nombre distinta del elemento de entrada Luis
Número Koha 17503
801 #0 - Fuente de origen
Agencia cm
900 ## -
-- 1/676
900 ## -
-- 7100012458\030700
942 ## - ELEMENTOS DE ENTRADA SECUNDARIOS (KOHA)
Tipo de ítem Koha Livre
996 ## -
-- MEX
-- 751145101
-- MMAG
-- 007461
-- 333 M843P
-- 20230214LIV
Exemplaires
Estatus retirado Estado de daño Estado de pérdida Fecha de adquisición Biblioteca de origen Biblioteca actual Ubicación en estantería Código de barras Precio de reemplazo Signatura topográfica completa No para préstamo Tipo de ítem Koha Nota pública Nota no pública
      05/08/2025 Casa México Paris Casa México Paris   007461 05/08/2025 333 M843P   Livre 20230214LIV 751145101